| 000 | 00713 a2200181 4500 | ||
|---|---|---|---|
| 003 | Nust | ||
| 005 | 20170207171114.0 | ||
| 040 | _cNust | ||
| 082 | _a621.382 | ||
| 100 | _aIlyas, Zahid (MSEE-17) | ||
| 245 |
_aA Quality of Service Based Spectrum Allocation Framework for TV White Spaces _cZahid Ilyas |
||
| 260 |
_aRawalpindi _bMCS,NUST _cFebruary 2015 |
||
| 300 | _ax, 71 p | ||
| 505 | _aBackground (Page-1), Literature Review and Theoretical Background (Page-5), QOS Characterization and Whitenet (Page-29), Proposed Framework (Page-36), Performance Analysis (Page-52), Conclusion and Future Work (Page-59), | ||
| 538 | _aAlmirah No.69 Shelf No.6 | ||
| 650 | _aPG Thesis | ||
| 651 |
_aMSEE-17 _x2011-NUST-MS-Phd TE-18 |
||
| 942 | _cTHS | ||
| 999 |
_c216263 _d216263 |
||